The Growing Importance of Sustainable Packaging Design

Stratégia vybraných spoločností v rámci obehového hospodárstva, ako identifikovať nové, udržateľné obaly na potraviny, kozmetické a čistiace prostriedky. Používanie trvalo udržateľných obalov je príležitosťou na získanie konkurenčnej výhody medzi spoločnosťami, pretože spotrebitelia si všímajú neeko...

Ausführliche Beschreibung

Gespeichert in:
Bibliographische Detailangaben
1. Verfasser: Gondárová, Jana, 1983-
Weitere Verfasser: Jarossová, Malgorzata Agnieszka, 1978-
Format: Buchkapitel
Sprache:Englisch
Schlagworte:
Tags: Tag hinzufügen
Keine Tags, Fügen Sie das erste Tag hinzu!

MARC

LEADER 00000naa$a2200000$$$4500
001 0286210
005 20240502083913.8
041 0 |a eng 
044 |a PL 
245 1 0 |a The Growing Importance of Sustainable Packaging Design  |c Jana Gondárová, Malgorzata Agnieszka Jarossová 
520 |a Stratégia vybraných spoločností v rámci obehového hospodárstva, ako identifikovať nové, udržateľné obaly na potraviny, kozmetické a čistiace prostriedky. Používanie trvalo udržateľných obalov je príležitosťou na získanie konkurenčnej výhody medzi spoločnosťami, pretože spotrebitelia si všímajú neekologické správanie výrobcov a preferujú výrobky s obalmi, ktoré sú šetrné k našej planéte. 
610 2 0 |a plasty 
610 2 0 |a obaly 
610 2 0 |a kozmetika 
610 2 0 |a prostriedky čistiace 
610 2 0 |a udržateľnosť 
610 2 0 |a hospodárstvo obehové 
610 2 0 |a stravovanie spoločné 
100 1 |a Gondárová, Jana, 1983- 
700 1 |a Jarossová, Malgorzata Agnieszka, 1978-